March hares /

Bibliographic Details
Main Author: Frederic, Harold, 1856-1898
Format: Book
Language:English
Published: New York : D. Appleton and Company, 1896.

MARC

Tag First Indicator Second Indicator Subfields
LEADER 00000cam a2200000 4500
001 in00000031661
005 20151007061746.0
008 731214s1896 nyu 00011 eng u
010 |a  03014788  
035 |a (OCoLC)00760232 
035 |9 AAD2980AM 
040 |c NTN  |d TXA  |d UtOrBLW 
049 |a TXAM  |c [410028] 
050 0 |a PS1707  |b .M3 1896 
092 |a 813  |b F852m 
100 1 |a Frederic, Harold,  |d 1856-1898. 
245 1 0 |a March hares /  |c by Harold Frederic. 
264 1 |a New York :  |b D. Appleton and Company,  |c 1896. 
300 |a 3 pages ., 281 pages ;  |c 17 cm. 
336 |a text  |b txt  |2 rdacontent 
337 |a unmediated  |b n  |2 rdamedia 
338 |a volume  |b nc  |2 rdacarrier 
999 |a MARS 
999 f f |s 696971ac-634f-34de-bd55-73853263265d  |i 78946e5c-f16c-3a4d-b9fa-7f3aedb6cce2  |t 0 
952 f f |p ric  |a Texas A&M University  |b Rellis Campus  |c Joint Library Facility  |d Remote Storage  |t 0  |e PS1707 .M3 1896  |h Library of Congress classification  |i unmediated -- volume  |m A14801237738 
998 f f |a PS1707 .M3 1896  |t 0  |l Remote Storage